Marcatori della Lazio in UEFA Europa League 2012-2013 - Statistics

Statistiche generali
  • Questo quiz è stato fatto 5 volte
  • Il punteggio medio è 12 su 19
Statistiche sulle risposte
Partita Minuto Marcatore % Corretto
Lazio - Borussia Mönchengladbach 2-0 10' Antonio Candreva
75%
Lazio - Panathīnaïkos 3-0 23' Libor Kozák
75%
Lazio - Panathīnaïkos 3-0 40' Libor Kozák
75%
Maribor - Lazio 1-4 16' Libor Kozák
75%
Borussia Mönchengladbach - Lazio 3-3 64' Libor Kozák
75%
Borussia Mönchengladbach - Lazio 3-3 93' Libor Kozák
75%
Lazio - Stoccarda 3-1 6' Libor Kozák
75%
Lazio - Stoccarda 3-1 8' Libor Kozák
75%
Lazio - Stoccarda 3-1 87' Libor Kozák
75%
Lazio - Panathīnaïkos 3-0 59' Sergio Floccari
75%
Maribor - Lazio 1-4 38' Sergio Floccari
75%
Maribor - Lazio 1-4 51' Sergio Floccari
75%
Borussia Mönchengladbach - Lazio 3-3 58' Sergio Floccari
75%
Stoccarda - Lazio 0-2 56' Ogenyi Onazi
50%
Maribor - Lazio 1-4 32' Ștefan Radu
50%
Lazio - Maribor 1-0 62' Ederson
25%
Stoccarda - Lazio 0-2 21' Ederson
25%
Lazio - Fenerbahçe 1-1 60' Senad Lulić
25%
Lazio - Borussia Mönchengladbach 2-0 33' Álvaro González
0%
Nessun quiz corrispondente trovato
Distribuzione punteggi
Percentuale di utenti per punteggio
Percentile per numero di risposta
I tuoi punteggi nel tempo
Non hai fatto questo quiz